<?xml version="1.0" encoding="UTF-8"?>
<record
    xmlns:xsi="http://www.w3.org/2001/XMLSchema-instance"
    xsi:schemaLocation="http://www.loc.gov/MARC21/slim http://www.loc.gov/standards/marcxml/schema/MARC21slim.xsd"
    xmlns="http://www.loc.gov/MARC21/slim">

  <leader>01627    a2200229   4500</leader>
  <controlfield tag="001">60330</controlfield>
  <controlfield tag="005">20260407155853.0</controlfield>
  <controlfield tag="008">260407a2010    arg                 spa d</controlfield>
  <controlfield tag="003">AR-UNSa-BCEJYS</controlfield>
  <datafield tag="040" ind1=" " ind2=" ">
    <subfield code="a">AR-UNSa-BCEJYS</subfield>
    <subfield code="b">spa</subfield>
    <subfield code="c">AR-UNSa-BCEJYS</subfield>
  </datafield>
  <datafield tag="080" ind1=" " ind2=" ">
    <subfield code="a">330.14</subfield>
    <subfield code="x">Capital</subfield>
  </datafield>
  <datafield tag="245" ind1="1" ind2="0">
    <subfield code="a">Forma valor y forma comunidad</subfield>
    <subfield code="p">Aproximaci&#xF3;n te&#xF3;rico-abstracta a los fundamentos civilizatorios que preceden al Ayllu Universal</subfield>
  </datafield>
  <datafield tag="020" ind1=" " ind2=" ">
    <subfield code="a">978-987-574-464-6</subfield>
  </datafield>
  <datafield tag="264" ind1=" " ind2="1">
    <subfield code="a">Buenos Aires :</subfield>
    <subfield code="b">Prometeo Libros</subfield>
    <subfield code="c">2010</subfield>
  </datafield>
  <datafield tag="300" ind1=" " ind2=" ">
    <subfield code="a">365 p.</subfield>
    <subfield code="c">21 cm.</subfield>
  </datafield>
  <datafield tag="505" ind1=" " ind2=" ">
    <subfield code="a">1. La determinaci&#xF3;n social-natural de toda forma de producci&#xF3;n. Valor de uso y su determinaci&#xF3;n social &#x2013; 2. La construcci&#xF3;n l&#xF3;gico- hist&#xF3;rica de la racionalidad mercantil-capitalista. La forma civilizatoria del valor mercantil &#x2013; 3. La producci&#xF3;n del modo capitalista de producci&#xF3;n. La forma social del trabajo que engendra la mercanc&#xED;a como forma general del producto de trabajo &#x2013; 4. El n&#xFA;cleo fundante del desarrollo capitalista: subsunci&#xF3;n formal y subsunci&#xF3;n real de las fuerzas productivas objetivas, asociativas, subjetivas e intelectivas del ser humano bajo el capital &#x2013; 5. Consideraciones sobre la naci&#xF3;n a partir de la forma del valor &#x2013; 6. La forma comunidad del proceso de producci&#xF3;n. Formas comunales que han precedido al r&#xE9;gimen del capital: algunas determinaciones de forma y contenido t&#xE9;cnico- organizativo</subfield>
  </datafield>
  <datafield tag="041" ind1=" " ind2=" ">
    <subfield code="a">spa</subfield>
  </datafield>
  <datafield tag="942" ind1=" " ind2=" ">
    <subfield code="c">BK</subfield>
  </datafield>
  <datafield tag="590" ind1=" " ind2=" ">
    <subfield code="a">niveau_biblio:m niveau_hierar:0</subfield>
  </datafield>
  <datafield tag="100" ind1="1" ind2=" ">
    <subfield code="a">Garcia Linera, &#xC1;lvaro</subfield>
  </datafield>
  <datafield tag="856" ind1="4" ind2="1">
    <subfield code="u">https://www.biblioeco.unsa.edu.ar/pmb/images/libros/L129079.jpg</subfield>
    <subfield code="y">Imagen de portada</subfield>
    <subfield code="q">image/jpeg</subfield>
  </datafield>
  <datafield tag="999" ind1=" " ind2=" ">
    <subfield code="c">6901</subfield>
    <subfield code="d">6901</subfield>
  </datafield>
  <datafield tag="952" ind1=" " ind2=" ">
    <subfield code="0">0</subfield>
    <subfield code="1">0</subfield>
    <subfield code="4">0</subfield>
    <subfield code="7">0</subfield>
    <subfield code="a">BCEJYS</subfield>
    <subfield code="b">BCEJYS</subfield>
    <subfield code="c">16</subfield>
    <subfield code="d">2026-04-07</subfield>
    <subfield code="l">0</subfield>
    <subfield code="o">330.14 G216</subfield>
    <subfield code="p">L129079</subfield>
    <subfield code="r">2026-04-07 15:58:53</subfield>
    <subfield code="w">2026-04-07</subfield>
    <subfield code="y">L</subfield>
  </datafield>
</record>
